000
00286nam a22001217a 4500
008
230619b xxu||||| |||| 00| 0 eng d
082
_a
15.13
_b
MCD
100
_c
Ian Mc Dougall
245
_a
African Turmoil
260
_a
London
_b
Elek Books LTD
_c
1934
300
_a
192p
942
_2
ddc
_c
BK
999
_c
1191
_d
1191